| 000 | 00402nam a22001457a 4500 | ||
|---|---|---|---|
| 003 | MACL | ||
| 005 | 20190625163851.0 | ||
| 008 | 190625b xxu||||| |||| 00| 0 eng d | ||
| 040 | _cMACL | ||
| 100 |
_aBasu, Sandip K _975548 |
||
| 245 | _aPrafulla Chandra Ray : The Life and the Times of an Ascetic Humanist | ||
| 260 |
_aKolkata _bJijnasa Pub _c2017 |
||
| 650 |
_aLiterature _975549 |
||
| 942 |
_2ddc _cBK |
||
| 999 |
_c60266 _d60266 |
||